000 00624nmm a2200193Ia 4500
008 251105s9999||||xx |||||||||||||||||und||
020 _a9789681602215
041 _aspa
100 _aautores, Varios
245 0 _aGladios, 1916. La Nave, 1916
264 _a[México D.C., Mexico] :
_bFondo de Cultura Económica,
_c[Fecha de publicación no identificada]
300 _a368 páginas
490 _aRevistas Literarias Mexicanas Modernas
650 _aLatin American literature
700 _aautores, Varios
700 1 _a Erro, Luis Enrique
856 _uhttps://public.digitaliapublishing.com/a/64467
942 _cCF
999 _c62248
_d62248